Комплексная автоматизированная система технического диагностирования жидкостных ракетных двигателей; "Орбита молодёжи" и перспективы развития российской космонавтики

Bibliografiske detaljer
Parent link:"Орбита молодёжи" и перспективы развития российской космонавтики.— 2017.— [С. 69-70]
Hovedforfatter: Колбая Т. Ч.
Andre forfattere: Шостак А. А. (научный руководитель), Бондарь А. И.
Summary:Заглавие с экрана
Sprog:russisk
Udgivet: 2017
Serier:Системные и проектно-конструкторские решения средств выведения, ракетных двигателей и наземной космической инфраструктуры
Fag:
Online adgang:http://earchive.tpu.ru/handle/11683/44769
Format: MixedMaterials Electronisk Book Chapter
KOHA link:https://koha.lib.tpu.ru/cgi-bin/koha/opac-detail.pl?biblionumber=624891

MARC

LEADER 00000naa2a2200000 4500
001 624891
005 20231101133333.0
035 |a (RuTPU)RU\TPU\conf\24151 
090 |a 624891 
100 |a 20171204d2017 k y0rusy50 ca 
101 0 |a rus 
102 |a RU 
105 |a y z 101zy 
135 |a drgn ---uucaa 
181 0 |a i  
182 0 |a b 
200 1 |a Комплексная автоматизированная система технического диагностирования жидкостных ракетных двигателей  |f Т. Ч. Колбая, А. А. Шостак  |g науч. рук. А. И. Бондарь 
203 |a Текст  |c электронный 
225 1 |a Системные и проектно-конструкторские решения средств выведения, ракетных двигателей и наземной космической инфраструктуры 
230 |a 1 компьютерный файл (pdf; 175 Кб) 
300 |a Заглавие с экрана 
320 |a [Библиогр.: с. 70 (2 назв.)] 
463 0 |0 (RuTPU)RU\TPU\conf\23829  |t "Орбита молодёжи" и перспективы развития российской космонавтики  |o сборник докладов Всероссийской молодёжной научно-практической конференции, г. Томск, 18-22 сентября 2017 г.  |f Российская Федерация, Федеральное космическое агентство (Роскосмос) ; Национальный исследовательский Томский политехнический университет (ТПУ) ; Российская академия наук (РАН), Сибирское отделение (СО), Институт физики прочности и материаловедения (ИФПМ) ; Полюс  |v [С. 69-70]  |d 2017 
610 1 |a электронный ресурс 
610 1 |a автоматизированные системы 
610 1 |a техническое диагностирование 
610 1 |a жидкостные ракетные двигатели 
700 1 |a Колбая  |b Т. Ч. 
701 1 |a Шостак  |b А. А. 
702 1 |a Бондарь  |b А. И.  |4 727 
801 2 |a RU  |b 63413507  |c 20171208  |g RCR 
856 4 |u http://earchive.tpu.ru/handle/11683/44769 
942 |c BK